Daniel Defoe's Moll Flanders /

Bibliographic Details
Other Authors: Bloom, Harold
Format: Book
Language:English
Published: New York : Chelsea House, 1987.
Series:Modern critical interpretations.
Subjects:

MARC

Tag First Indicator Second Indicator Subfields
LEADER 00000cam a2200000 a 4500
001 in00000008241
005 20151002080022.0
008 870317s1987 nyu b 00100 eng
010 |a  87008029  
020 |a 0877549478 (alk. paper) :  |c $19.95 
035 |a (OCoLC)15489355 
035 |9 AAA0607AM 
040 |a DLC  |c DLC  |d TXA  |d UtOrBLW 
050 0 0 |a PR3404.F653  |b D3 1987 
082 0 |a 823/.5  |2 19 
245 0 0 |a Daniel Defoe's Moll Flanders /  |c edited and with an introduction by Harold Bloom. 
264 1 |a New York :  |b Chelsea House,  |c 1987. 
300 |a vii, 146 pages ;  |c 24 cm. 
336 |a text  |b txt  |2 rdacontent 
337 |a unmediated  |b n  |2 rdamedia 
338 |a volume  |b nc  |2 rdacarrier 
490 1 |a Modern critical interpretations 
504 |a Bibliography: pages 139-140. 
500 |a Includes index. 
600 1 0 |a Defoe, Daniel,  |d 1661?-1731.  |t Fortunes and misfortunes of the famous Moll Flanders. 
700 1 |a Bloom, Harold. 
830 0 |a Modern critical interpretations. 
999 |a MARS 
999 f f |s 8485633c-4156-3323-8361-0dfcf12b5da0  |i b3b27df4-e23d-3264-ab8b-cbb567977e92  |t 0 
952 f f |p normal  |a Texas A&M University  |b College Station  |c Sterling C. Evans Library  |d Evans: Library Stacks  |t 0  |e PR3404.F653 D3 1987  |h Library of Congress classification  |i unmediated -- volume  |m A14812570694 
998 f f |a PR3404.F653 D3 1987  |t 0  |l Evans: Library Stacks